| 000 | 00645 a2200193 4500 | ||
|---|---|---|---|
| 005 | 20120728093426.0 | ||
| 008 | 120728t xxu||||| |||| 00| 0 eng d | ||
| 041 | _aMalayalam | ||
| 080 |
_a92(MAH)=M _bVIS |
||
| 100 |
_aVishwanath, K _921052 |
||
| 245 |
_aCaptain _bmahendra singh dhoni: cricketum Jeevithavum |
||
| 300 | _a86p. | ||
| 653 | _aMalayalam-biography literature | ||
| 653 | _aCricket | ||
| 942 | _cBK | ||
| 260 |
_bMathrubhumi books _c2010 _aKozhikode _917636 |
||
| 020 | _a9788182649378 | ||
| 952 |
_w2012-02-08 _p00067189 _v0.00 _r2012-02-08 _40 _e90 _00 _bUL _10 _o92(MAH)=M VIS _d2012-02-08 _70 _cGEN _2udc _g0.00 _yBK _aUL |
||
| 999 |
_c74567 _d74566 |
||